Worker Participation in Management Decisions 10th International Congress. Washington, September 7-10, 1982. Vol.1

Salvato in:
Dettagli Bibliografici
Altri autori: Aaron, Benjamin, Farwell, Donald F.
Natura: Libro
Lingua:inglese
Pubblicazione: Washington Bureau of National Affairs 1984
Edizione:1. ed.
Tags: Aggiungi Tag
Nessun Tag, puoi essere il primo ad aggiungerne!!

MARC

LEADER 00000nam a2200000 4500
001 c023857
005 20221124074357.3
041 0 |a eng 
044 |a US 
245 1 0 |a Worker Participation in Management Decisions  |b 10th International Congress. Washington, September 7-10, 1982. Vol.1  |c Edit. Benjamin Aaron, Donald F. Farwell 
250 |a 1. ed. 
264 1 |a Washington  |b Bureau of National Affairs  |c 1984 
300 |a 464 s. 
700 1 |a Aaron, Benjamin 
700 1 |a Farwell, Donald F.